00306 a2200133 450000100060000002000180000604000220002410000180004624000360006424500310010030000080013136200090013965000240014864319 a9788581810768 cAnchieta - Pituba aOrtega, Ligia10aGeografia nos dias de hojelpor10aGeografia nos dias de hoje a2880 a2012 4aGeografia e viagens